The Dead Quiz Stats

 Plays Quiz Updated Jun 15, 2020

Support Sporcle.
Go Orange.
Score 0/30 Timer 06:00
3 Plays Today
Hint Dead Thing % Correct
Lust, gluttony, greed, sloth, wrath, envy, & prideSeven deadly sins
92.5%
Another term for capital punishmentDeath Penalty
92.4%
A salt lake between Israel and JordanThe Dead Sea
90.3%
Common wedding vow phraseTil Death Do Us Part
86.5%
Another name for the Bubonic plagueThe Black Death
76.8%
National Park located in the Mojave DesertDeath Valley
75.3%
The subtitle for the second Pirates of the Caribbean movieDead Man's Chest
75.2%
Mexican holiday celebrated on November 2ndDay of the Dead
73.7%
In Star Wars, it obliterated the planet AlderaanDeath Star
73.6%
The body may be alive, but all cerebral activity has stoppedbrain dead
72.5%
A type of overtime period where the next point or goal winsSudden Death
71.1%
7th book in a J. K. Rowling seriesHarry Potter and the Deathly Hallows
67.5%
Benjamin Franklin’s two certaintiesDeath and Taxes
64.9%
Traumatic event where one might see a white light or have an out-of-body momentNear Death Experience
63.4%
Jerry Garcia bandGrateful Dead
56.9%
Hint Dead Thing % Correct
Classic play by Arthur MillerDeath of a Salesman
53.9%
Patrick Henry's most famous phraseGive me liberty or give me death
46.7%
2004 British zombie filmShaun of the Dead
46.4%
Documentary TV series on the Discovery Channel about crabsDeadliest Catch
44.4%
HBO American western–drama TV seriesDeadwood
38%
1986 Bon Jovi songWanted Dead or Alive
35.8%
1995 Oscar winning Susan Sarandon filmDead Man Walking
33%
Indie rock band that sings 'Soul Meets Body'Death Cab for Cutie
30%
1989 Robin Williams filmDead Poets Society
27.2%
1992 Bruce Willis and Meryl Streep filmDeath Becomes Her
21.2%
Marvel Comics antihero, aka Wade WilsonDeadpool
20.1%
1974 Charles Bronson movieDeath Wish
19.4%
1985 John Cusack teen filmBetter off Dead
14.7%
In poker, unable to catch any card that would produce a winning handDrawing Dead
13.4%
Thomas Mann novellaDeath in Venice
4.4%

From the Vault

Around the Perimeter of France

by mg10

Geography 90s
France technically also borders Brazil, but we're not making you worry about that whole part.
Remove Ads.
Support Sporcle.
Get the best of Sporcle when you Go Orange. This ad-free experience offers more features, more stats, and more fun while also helping to support Sporcle. Thank you for becoming a member.

Show Comments

Extras

Top Quizzes Today


Score Distribution

Your Account Isn't Verified!

In order to create a playlist on Sporcle, you need to verify the email address you used during registration. Go to your Sporcle Settings to finish the process.

Report this User

Report this user for behavior that violates our Community Guidelines.

Details: